Science Quiz

Random Science or Astronomy Quiz

Phases of the Moon Quiz Stats

 Plays Quiz Updated Sep 20, 2018

Score 0/9 Timer 02:00
11 Plays Today
% Correct
Full Moon
95.6%
New Moon
80.6%
New Moon
80.6%
Waxing Crescent
66.4%
Waning Crescent
64.5%
Waxing Gibbous
49.9%
Waning Gibbous
48.7%
First Quarter
43.6%
Last Quarter
41.7%

You're not logged in!

Compare scores with friends on all Sporcle quizzes.
OR
Log In

Sporcle TV

Today on Sporcle TV


Watch our educational content, quiz creation guides, and fun videos on Sporcle TV.

Show Comments

Extras

Top Quizzes Today


Score Distribution

Your Account Isn't Verified!

In order to create a playlist on Sporcle, you need to verify the email address you used during registration. Go to your Sporcle Settings to finish the process.

Report this User

Report this user for behavior that violates our Community Guidelines.

Details: